00404nam a2200121Ia 4500008004100000050002200041245008900063260003600152300001300188650003200201980003200233999001700265151021s9999 xx 000 0 und d aHC 865 .K47 2013  a_Taita taveta county development profile/ Kenya ministry of devolution and planning  aNairobi Goverment printer 2013  axv,127p  a_county vision and mission  a^d20140317 11:27:16^omwanik c14785d14785